Elenca la formazione - Quiz n°184 - Statistics

Statistiche generali
  • Questo quiz è stato fatto 43 volte
  • Il punteggio medio è 7 su 11
Statistiche sulle risposte
Ruolo Nazione Calciatore % Corretto
Attaccante Cile Alexis Sánchez
92%
Portiere Colombia David Ospina
89%
Centrocampista Svizzera Granit Xhaka
81%
Attaccante Germania Mesut Özil
78%
Centrocampista Galles Aaron Ramsey
69%
Centrocampista Spagna Héctor Bellerín
67%
Difensore Germania Per Mertesacker
64%
Attaccante Inghilterra Danny Welbeck
47%
Difensore Spagna Nacho Monreal
47%
Centrocampista Inghilterra Alex Oxlade-Chamberlain
28%
Difensore Inghilterra Rob Holding
25%
Nessun quiz corrispondente trovato
Distribuzione punteggi
Percentuale di utenti per punteggio
Percentile per numero di risposta
I tuoi punteggi nel tempo
Non hai fatto questo quiz